000 00818nam a2200253Ia 4500
003 OSt
005 20220927110513.0
006 a|||||r|||| 00| 0
007 ta
008 220926b |||||||| |||| 00| 0 eng d
024 _a67841
037 _cReports
040 _aRTL
_cRTL
_beng
041 _2eng
_aeng
082 _a"X 755.2.N6 3t, K4"
110 _aGovt of India Utilisation of External Assistance (Committee 0n--) (1963) (Chairman: V K Rao
_9378894
245 0 _aReport
260 _aDelhi
_bManager of Publication India
_c1964
300 _a60p.
_ccm.
650 _aForeign Loan
700 _aGovt of India Utilisation of External Assistance (Committee 0n--) (1963) (Chairman: V K Rao
_9378895
942 _h"X 755.2.N6 3t, K4"
_cCC
999 _c697083
_d697083